Por trece razones : una novela /

Guardado en:
Autor Principal: Asher, Jay, 1975-
Formato: Libro
Idioma:Spanish
English
Publicado: Buenos Aires : VR YA, c2016.
Materias:
Etiquetas: Agregar Etiqueta
Sin Etiquetas, Sea el primero en etiquetar este registro!
LEADER 00732nam a22002295a 4500
001 EUN.eunm007136
005 20180302130832.0
008 171031s2016####ag############000#1#spa#d
020 |a 9789877472707 
041 1 |a spa  |h eng 
082 0 4 |a 813.6  |2 21 
100 1 |a Asher, Jay,  |d 1975- 
245 1 0 |a Por trece razones :  |b una novela /  |c de Jay Asher ; traducción Jeannine Emery. 
260 |a Buenos Aires :  |b VR YA,  |c c2016. 
300 |a 362 p. ;  |c 21 cm. 
500 |a Título original: Thirteen reasons why. 
500 |a Impreso en marzo de 2017. 
650 7 |a Literatura.  |2 unbist 
650 7 |a Siglo XXI.  |2 unbist 
651 7 |a Estados Unidos.  |2 unbist 
653 |a Novela 
859 |a AR-BaUNS  |b BIB. CENTRAL - Sector A  |h 813.6  |i As35  |p 126310/017